000 00891nam a2200205Ia 4500
003 Ost
005 20260507075736.0
008 260507s9999||||xx |||||||||||||| ||und||
040 _cfsecg
041 _aara
082 _a338.9
100 _aعجمية، محمد عبد العزيز
_eمؤلف
245 0 _aالتنمية الاقتصادية :
_bمفهومها-نظرياتها-سياساتها /
_c محمد عبد العزيز عجمية
260 _aالإسكندرية:
_bالدار الجامعية,
_c2004
300 _a415 صفحة؛
_bإيضاحات ؛
_c24 سم
520 _aمفهوم التنمية الإقتصادية،نظريات النمو والتنمية الإقتصادية،سياسات التنمية الإقتصادية
653 _aالتنمية الاقتصادية
700 _a الليثي، محمدعلي
_eمؤلف ثانوي
942 _cكتاب
999 _c46090
_d46090